El adolescente chileno: características, problemas y soluciones
Gespeichert in:
| Hauptverfasser: | , |
|---|---|
| Format: | Buch |
| Sprache: | Spanisch |
| Veröffentlicht: |
Santiago
Universitaria
1986
|
| Ausgabe: | 2a. ed |
| Schriftenreihe: | Colección el mundo de las ciencias
|
| Schlagworte: | |
| Tags: |
Tag hinzufügen
Keine Tags, Fügen Sie den ersten Tag hinzu!
|
MARC
| LEADER | 00000nam a2200000 a 4500 | ||
|---|---|---|---|
| 001 | UCZ0410 | ||
| 003 | CL-VaPUC | ||
| 008 | 950728e19860900CL |||||||||||||||||spa|d | ||
| 082 | 0 | 4 | |a 305.23 |b MUZ |2 21 |
| 100 | |a Muzzo B., Santiago |e autor |9 596107 | ||
| 700 | 0 | |a Burrows, Raquel |e author |9 343233 | |
| 245 | 1 | 3 | |a El adolescente chileno: características, problemas y soluciones |
| 250 | |a 2a. ed | ||
| 300 | |a 248 p | ||
| 942 | |c BK | ||
| 945 | |d 19950728 00:00:00 |a mfernand | ||
| 260 | |a Santiago |b Universitaria |c 1986 | ||
| 650 | 0 | |a Adolescentes |9 308058 | |
| 650 | 0 | |a Adolescencia |9 307361 | |
| 650 | 7 | |a FECUNDIDAD |2 CL-VaPUC |9 335136 | |
| 650 | 7 | |a EMBARAZO |2 CL-VaPUC |9 308235 | |
| 650 | 0 | |a Familias |9 255641 | |
| 650 | 0 | |a Nutrición |9 259434 | |
| 650 | 7 | |a CRECIMIENTO |2 CL-VaPUC |9 343234 | |
| 650 | 0 | |a Desarrollo mental |9 313003 | |
| 650 | 0 | |a Problemas sociales |9 258537 | |
| 651 | 7 | |a CHILE |2 CL-VaPUC |9 343235 | |
| 583 | |a last modification |c 19950728 00:00:00 |k Rodrigo Vera | ||
| 490 | 0 | |a Colección el mundo de las ciencias | |
| 999 | |c 237341 |d 237339 | ||
| 952 | |0 0 |1 0 |4 0 |6 305_230000000000000_MUZ_1986 |7 0 |8 A |9 246281 |a BIBEDU |b BIBEDU |d 2019-11-18 |i 1546759 |o 305.23 MUZ 1986 |p 1546759 |r 2019-11-18 |w 2019-11-18 |y BK |k EDU | ||